|
|
|
|
| LEADER |
00000nam0a2200000 4500 |
| 001 |
123580 |
| 005 |
20231101215820.0 |
| 020 |
|
|
|a RU
|b 84-59930
|
| 035 |
|
|
|a (RuTPU)RU\TPU\book\133761
|
| 090 |
|
|
|a 123580
|
| 100 |
|
|
|a 20071019d1984 m y0rusy5003 ca
|
| 101 |
0 |
|
|a rus
|
| 102 |
|
|
|a RU
|
| 105 |
|
|
|a a z 001ay
|
| 200 |
1 |
|
|a Весенняя гроза
|e Лирика, письма
|f Ф. И. Тютчев
|g авт. предисл., послесл., примеч. Б. Я. Бухштаб
|
| 210 |
|
|
|a Тула
|c Приокское кн. изд-во
|d 1984
|
| 215 |
|
|
|a 415 с.
|c ил., 1 л. портр.
|d 21 см
|
| 225 |
1 |
|
|a Отчий край
|
| 320 |
|
|
|a Алфавитный указатель произведений: с. 402-409
|
| 610 |
1 |
|
|a русская литература
|
| 610 |
1 |
|
|a поэзия
|
| 610 |
1 |
|
|a стихотворения
|
| 610 |
1 |
|
|a письма
|
| 675 |
|
|
|a Р1
|z rus
|
| 700 |
|
1 |
|a Тютчев
|b Ф. И.
|c русский поэт
|f 1803-1873
|g Федор Иванович
|2 stltpush
|3 (RuTPU)RU\TPU\pers\4088
|9 891
|
| 702 |
|
1 |
|a Бухштаб
|b Б. Я.
|4 080
|
| 801 |
|
0 |
|a RU
|b RuMRKP
|c 19950704
|g psbo
|
| 801 |
|
1 |
|a RU
|b 63413507
|c 20071019
|g PSBO
|
| 801 |
|
2 |
|a RU
|b 63413507
|c 20071019
|g PSBO
|
| 942 |
|
|
|c BK
|